000 00303nam a2200121Ia 4500
008 230907s9999||||xx |||||||||||||| ||und||
082 _a891.439
_bMUM
245 0 _aان کہی , Ankahi /
260 _aAl-Faisal Nashran,
_bLahore :
_c2017
300 _a208 p.
650 _aUrdu Literature
942 _cBK
999 _c599708
_d599708